[Event "11th EICC Men"]
[Site "Rijeka CRO"]
[Date "2010.03.11"]
[Round "6"]
[White "Gdanski,J"]
[Black "Kobalia,M"]
[Result "0-1"]
[WhiteElo "2527"]
[BlackElo "2637"]

1.Nf3 d5 2.g3 Nf6 3.Bg2 c6 4.O-O Bf5 5.d3 e6 6.c4 Nbd7 7.cxd5 exd5 8.Nc3 Be7
9.Nd4 Bg6 10.e4 O-O 11.Nf5 Bc5 12.Na4 Bxf5 13.exf5 Bd4 14.Qb3 b5 15.Qb4 Be5
16.Nc3 Re8 17.Qh4 Qb6 18.Bf3 Bd4 19.Kg2 Ne5 20.Be2 a5 21.g4 h6 22.g5 hxg5
23.Bxg5 Ned7 24.Bf3 Re5 25.Qh3 b4 26.Nd1 Qb5 27.Rc1 Qxd3 28.Ne3 Bxe3 29.Bxe3 Rc8
30.Bf4 Ree8 31.Rfd1 Qa6 32.Qg3 c5 33.Bxd5 Nxd5 34.Rxd5 Nf6 35.Rd6 Rc6 36.Rxc6 Qxc6+
37.Qf3 Ne4 38.b3 Qf6 39.Bg3 Nc3 40.Rc2 Qd4 41.Bf4 c4 42.Rd2 Qf6 43.Bg3 Ne4
44.Rd7 c3 45.Rc7 Qd8 46.Bf4 a4 47.Rb7 axb3 48.axb3 Qd4 49.Be3 Qd6 50.Bf4 Qc5
51.Be3 Qa5 52.h4 c2 53.Kh3 Qd5  0-1

[Event "FSIM March"]
[Site "Budapest HUN"]
[Date "2010.03.12"]
[Round "7"]
[White "Berczes,C"]
[Black "Nguyen Thi Mai Hung"]
[Result "1-0"]
[WhiteElo "2376"]
[BlackElo "2224"]

1.Nf3 d5 2.g3 Nf6 3.Bg2 c6 4.O-O Bf5 5.d3 h6 6.b3 e6 7.Bb2 Be7 8.Nbd2 O-O
9.c4 Bh7 10.a3 a5 11.Rc1 Nbd7 12.Rc2 Bd6 13.Qa1 Qe7 14.cxd5 cxd5 15.Nd4 Rfc8
16.Rfc1 Qf8 17.Nb5 Bc5 18.Nf3 Bb6 19.Nc7 Rab8 20.Bd4 Bxd4 21.Nxd4 e5 22.Ndb5 e4
23.Qd4 Rd8 24.f4 Qe7 25.Bh3 h5 26.Rd2 Nf8 27.Qe5 Ng6 28.Qxe7 Nxe7 29.Nd4 exd3
30.exd3 Ng4 31.Bxg4 hxg4 32.Kf2 Rd7 33.Ncb5 Kf8 34.Rc3 Rbd8 35.Re2 Bg6 36.Re5 Ng8
37.f5 Bh7 38.Rc5 Nf6 39.Nc3 b6 40.Rc6 Rd6 41.Rxd6 Rxd6 42.Ke3 g6 43.Kf4 Rd7
44.Na4 Rd6 45.Nc3 Rd7 46.b4 axb4 47.axb4 gxf5 48.Kg5 Kg7 49.Rxf5 Rc7 50.Ncb5 Ne8
51.Nxc7 Nxc7 52.Rf6 Bxd3 53.Rxb6  1-0

[Event "Parachute Advansed Int"]
[Site "Dhaka BAN"]
[Date "2010.03.12"]
[Round "7"]
[White "Minina,V"]
[Black "Mohammed Abdul,M"]
[Result "0-1"]
[WhiteElo "2130"]
[BlackElo "2272"]

1.Nf3 d5 2.g3 c5 3.Bg2 Nc6 4.d4 Nf6 5.O-O e6 6.c4 dxc4 7.Qa4 Bd7 8.Qxc4 b5
9.Qd3 Rc8 10.dxc5 Bxc5 11.Nc3 a6 12.Bg5 Be7 13.Rad1 Qc7 14.Bxf6 gxf6 15.Ne4 Nb4
16.Qd2 Nd5 17.Qh6 Qc2 18.Rxd5 exd5 19.Nxf6+ Bxf6 20.Qxf6 O-O 21.Qg5+ Qg6
22.Qxd5 Be6 23.Qe5 Bxa2 24.Nh4 Qe6 25.Qg5+ Kh8 26.Bh3 f5 27.Nxf5 Qf6 28.Qxf6+ Rxf6
29.Nd4 Rcf8 30.f4 Bd5 31.Bg2 Rd8 32.Bxd5 Rxd5 33.e3 Rc5 34.Kf2 Rd6 35.Kf3 a5
36.Ke4 a4 37.f5 Kg8 38.g4 b4 39.h4 a3 40.bxa3 bxa3 41.Ra1 Ra6 42.Ra2 Rc3
43.Ne6 Ra4+ 44.Ke5 Rxe3+ 45.Kf6 Rb3 46.Rd2 Rb8 47.Ra2 Rb2 48.Ra1 a2 49.Nc5 Ra3
50.g5 Rb1 51.Rxa2 Rxa2 52.h5 Ra5 53.Ne6 Rbb5 54.Ng7 Rb7 55.h6 Rf7+ 56.Ke6 Ra6+
57.Ke5 Rxg7 58.hxg7 Kxg7  0-1

[Event "11th EICC Men"]
[Site "Rijeka CRO"]
[Date "2010.03.12"]
[Round "7"]
[White "Martinovic,Sa"]
[Black "Nyback,T"]
[Result "0-1"]
[WhiteElo "2509"]
[BlackElo "2624"]

1.Nf3 d5 2.g3 Nc6 3.d4 Bg4 4.Bg2 Qd7 5.Ne5 Nxe5 6.dxe5 e6 7.O-O Ne7 8.c4 Rd8
9.Qc2 Nc6 10.Bg5 Be7 11.Bxe7 Qxe7 12.Nc3 d4 13.Nb5 O-O 14.Qe4 Bf5 15.Qf4 g5
16.Qd2 Nxe5 17.Nxd4 Qf6  0-1

[Event "11th EICC Men"]
[Site "Rijeka CRO"]
[Date "2010.03.12"]
[Round "7"]
[White "Kostanjsek,Z"]
[Black "Gutov,A"]
[Result "0-1"]
[WhiteElo "2204"]
[BlackElo "2437"]

1.Nf3 d5 2.g3 Nf6 3.Bg2 c6 4.O-O Bg4 5.b3 Nbd7 6.Bb2 e6 7.d3 Bd6 8.Nbd2 O-O
9.Re1 e5 10.h3 Bh5 11.e4 Re8 12.Qe2 Qc7 13.g4 Bg6 14.Nh4 Nc5 15.Nf5 Ne6 16.Qf3 Nf4
17.Nxd6 Qxd6 18.exd5 cxd5 19.Qg3 Rac8 20.Rac1 Nd7 21.Bf1 d4 22.Nc4 Qd5 23.a4 f6
24.Ba3 Rc6 25.Ra1 Nf8 26.Bc1 N8e6 27.h4 h5 28.f3 b6 29.Ra2 a6 30.a5 b5 31.Nb6 Qd8
32.Qh2 Qc7 33.Bd2 Kf7 34.Bxf4 Nxf4 35.Rd1 Kf8 36.Rd2 Bf7 37.Kh1 Be6 38.Qg3 Qf7
39.Kh2 Qg6 40.Bh3 Kf7 41.Ra1 Rh8 42.Rh1 Rd6 43.Rg1 Rdd8 44.Bf1 hxg4 45.fxg4 Qg5
46.h5 Nxh5  0-1

[Event "11th EICC Women"]
[Site "Rijeka CRO"]
[Date "2010.03.12"]
[Round "7"]
[White "Chelushkina,I"]
[Black "Sikorova,O"]
[Result "1/2-1/2"]
[WhiteElo "2319"]
[BlackElo "2256"]

1.g3 d5 2.Nf3 Nf6 3.Bg2 e6 4.O-O Be7 5.c4 O-O 6.b3 b6 7.Bb2 Bb7 8.cxd5 Bxd5
9.d3 c5 10.Nbd2 Nbd7 11.e4 Bb7 12.Re1 Qc7 13.e5 Nd5 14.Ne4 Rfd8 15.a3 Rac8
16.h4 Nf8 17.Nfd2 b5 18.Qg4 Kh8 19.Qh5 f5 20.exf6 Nxf6 21.Nxf6 Bxf6 22.Bxf6 gxf6
23.Bxb7 Qxb7 24.Ne4 Rd5 25.Qf3 Qg7 26.a4 b4 27.Rac1 Nd7 28.Re3 Rf8 29.Qe2 h6
30.Nd2 Ne5 31.Nc4 Ng6 32.Rxe6 Nxh4 33.Re7 Qg6 34.Qe4 Rd4 35.Qxg6 Nxg6 36.Rxa7 Rxd3
37.a5 Rxb3 38.a6 Ne5 39.Rb7 Rc3 40.Ra1 Rxc4 41.a7 Rg4 42.a8=Q Rxa8 43.Rxa8+ Rg8
44.Raa7 Rc8 45.Rh7+ Kg8 46.Rag7+ Kf8 47.Rb7 Kg8 48.f4 Nd3 49.Rbg7+  1/2-1/2

[Event "11th EICC Men"]
[Site "Rijeka CRO"]
[Date "2010.03.12"]
[Round "7"]
[White "Hetzer,V"]
[Black "Bakalarz,M"]
[Result "0-1"]
[WhiteElo "2086"]
[BlackElo "2300"]

1.Nf3 d5 2.g3 g6 3.Bg2 Bg7 4.O-O e5 5.d3 Nc6 6.c3 Nge7 7.a4 a5 8.Na3 O-O
9.Qc2 h6 10.Rb1 f5 11.Nb5 g5 12.e4 Be6 13.b4 Qd7 14.bxa5 Rxa5 15.exd5 Nxd5
16.Nd2 b6 17.Nc4 Ra6 18.Ne3 Rf7 19.Nxd5 Bxd5 20.c4 Bxg2 21.Kxg2 Ra8 22.Ba3 f4
23.f3 fxg3 24.Qe2 h5 25.Qe4 Rxa4 26.Ra1 Ra8 27.Qd5 e4 28.dxe4 Bxa1 29.Rxa1 gxh2
30.Kxh2 Qxd5 31.cxd5 Ne5  0-1

[Event "11th EICC Women"]
[Site "Rijeka CRO"]
[Date "2010.03.12"]
[Round "7"]
[White "Drljevic,L"]
[Black "Samanic,V"]
[Result "1-0"]
[WhiteElo "2248"]
[BlackElo "1607"]

1.Nf3 d5 2.g3 g6 3.Bg2 Bg7 4.O-O Nf6 5.d3 Bf5 6.c4 dxc4 7.Qa4+ c6 8.Qxc4 O-O
9.Nc3 Nbd7 10.Qh4 Bg4 11.h3 Bxf3 12.Bxf3 Re8 13.Rb1 Nb6 14.Bd2 Nfd5 15.Ne4 Nf6
16.Nc5 Rb8 17.Rfc1 Nc8 18.Qa4 Nd6 19.d4 Nd5 20.e3 Nb6 21.Qb3 Qc8 22.Bg2 Nd7
23.h4 Nxc5 24.Rxc5 Qg4 25.Qc2 Qd7 26.h5 Qg4 27.hxg6 hxg6 28.Qd1 Qxd1+ 29.Rxd1 Nb5
30.d5 Nd6 31.dxc6 bxc6 32.b3 Rec8 33.Rdc1 Rb6 34.Rxc6 Rbxc6 35.Rxc6 Rxc6
36.Bxc6 Be5 37.f4 Bf6 38.Bb4 Nf5 39.Kf2 e6 40.Bc5 a6 41.Bb4 Bd8 42.Kf3 Bb6
43.Bd2 Ne7 44.Bb7 a5 45.Ke4 Nf5 46.Kf3 Kf8 47.g4 Nd6 48.Bc6 Ke7 49.Bc3 Nc8
50.g5 Nd6 51.Bf6+ Kf8 52.e4 Bc5 53.Ke2 Ne8 54.Bc3 Bb6 55.Kd3 Ke7 56.b4 axb4
57.Bxb4+ Kd8 58.a4 Nc7 59.a5 Ba7 60.Kc4 Be3 61.Bc3 Bxf4 62.Bf6+ Kc8 63.a6 Kb8
64.Kd4 Bh2 65.Be5 Bg1+ 66.Kc4 Kc8 67.Bb7+ Kb8 68.Bd4 Bh2 69.Kc5 Bf4 70.Kb6 Nxa6
71.Bxa6 Ka8 72.Bf6 Kb8 73.Kc6 Ka7 74.Bd3 Kb8 75.Kd7 e5 76.Ke7 Kc7 77.Kxf7 Kd6
78.Be7+ Kc6 79.Kxg6 Kd7 80.Kf7 Be3 81.g6 Bh6 82.Bg5 Bxg5 83.g7 Bf4 84.g8=Q Kd6
85.Qd8+ Kc5 86.Qd5+ Kb6 87.Ke6 Kc7 88.Qd6+ Kb7 89.Ba6+ Ka7 90.Qc6 Kb8 91.Qb7+  1-0

[Event "ch-BUL U20"]
[Site "Sofia BUL"]
[Date "2010.03.12"]
[Round "6"]
[White "Kurtenkov,A"]
[Black "Janev,T"]
[Result "0-1"]
[WhiteElo "2426"]
[BlackElo "2325"]

1.Nf3 d5 2.g3 Nc6 3.Bg2 e5 4.d3 f5 5.O-O Nf6 6.Nbd2 e4 7.Ne1 Be6 8.c4 dxc4
9.dxe4 fxe4 10.Nc2 Bc5 11.Nxe4 Nxe4 12.Qxd8+ Rxd8 13.Bxe4 O-O 14.Bg5 Bd5
15.Bg2 Bxg2 16.Kxg2 Rd5 17.Bf4 Re8 18.Rfe1 Nb4 19.Na3 c6 20.e4 Rdd8 21.Bg5 Rc8
22.Be3 Bf8 23.Bd4 b5 24.Re2 Nd3 25.Rf1 Bxa3 26.bxa3 c5 27.Bb2 b4 28.Bc1 a5
29.a4 c3 30.Kf3 c4 31.Rc2 Nc5 32.Be3 Nxa4 33.Bd4 b3 34.Rxc3 Nxc3 35.Bxc3 Rcd8
36.Bxa5 Rd3+ 37.Kf4 b2 38.Rb1 c3 39.Bxc3 Rxc3 40.Rxb2 Ra3 41.e5 Ra4+ 42.Kf5 g6+  0-1

[Event "11th EICC Men"]
[Site "Rijeka CRO"]
[Date "2010.03.14"]
[Round "8"]
[White "Barlocco,C"]
[Black "Jokic,Mil"]
[Result "1-0"]
[WhiteElo "2173"]
[BlackElo "1949"]

1.Nf3 d5 2.g3 c5 3.Bg2 Nc6 4.d4 cxd4 5.Nxd4 e5 6.Nxc6 bxc6 7.c4 Bb4+ 8.Nc3 Ne7
9.O-O O-O 10.cxd5 Bxc3 11.d6 Nd5 12.Bxd5 cxd5 13.Qxd5 Be6 14.Qd3 Bb4 15.Rd1 Qb6
16.Be3 Qb7 17.Rac1 Ba5 18.Rc5 Bb6 19.Rxe5 Bxe3 20.Qxe3 Rad8 21.Ra5 Rd7 22.f3 Rfd8
23.Kf2 Qb6 24.Qxb6 axb6 25.Ra6 Rb8 26.e4 f6 27.b3 Rdd8 28.Ke3 Bc8 29.Ra7 Rb7
30.Ra8 Rbd7 31.f4 Bb7 32.Rxd8+ Rxd8 33.e5 fxe5 34.fxe5 Kf7 35.Kd4 Ke6 36.a4 Ra8
37.Rc1 Ra5 38.Rc7 Rd5+ 39.Kc3 Ba6 40.Re7+ Kf5 41.d7 h5 42.e6 g5 43.Re8 Kf6
44.d8=Q+ Rxd8 45.Rxd8 Kxe6 46.Rb8 Kf5 47.Rxb6 Be2 48.a5 Kg4 49.Rg6 Kf5 50.Rg8 h4
51.gxh4 gxh4 52.Rf8+ Kg4 53.Rf2 Ba6 54.b4  1-0

[Event "11th EICC Women"]
[Site "Rijeka CRO"]
[Date "2010.03.14"]
[Round "8"]
[White "Franciskovic,B"]
[Black "Kochetkova,J"]
[Result "1/2-1/2"]
[WhiteElo "2245"]
[BlackElo "2313"]

1.Nf3 d5 2.g3 c6 3.Bg2 Bf5 4.O-O e6 5.d3 Nf6 6.c4 Be7 7.Be3 O-O 8.Qb3 Qc8
9.Nc3 Nbd7 10.cxd5 exd5 11.Rac1 Bg4 12.h3 Bxf3 13.Bxf3 Ne5 14.Bg2 Qe6 15.Qxb7 Rfb8
16.Qa6 Rxb2 17.Rb1 Rxb1 18.Rxb1 h5 19.Qb7 Rd8 20.Qxa7 Bd6 21.Bc5 h4 22.Bxd6 Qxd6
23.gxh4 Ng6 24.Rb7 Rf8 25.e3 Nxh4 26.Ne2 Nf5 27.Qa4 c5 28.Qb5 Ra8 29.Rb6 Qe5
30.Qb2 Qc7 31.Rb5 Rc8 32.a4 Nd6 33.Rb3  1/2-1/2

[Event "ch-BUL U20 Girls"]
[Site "Sofia BUL"]
[Date "2010.03.14"]
[Round "9"]
[White "Tsekova,V"]
[Black "Ivanova,Si"]
[Result "1-0"]
[WhiteElo "1860"]
[BlackElo "1816"]

1.Nf3 d5 2.g3 c5 3.Bg2 Nc6 4.O-O e5 5.d3 Be7 6.Nbd2 Bg4 7.e4 d4 8.a4 Qd7
9.Nc4 f6 10.Re1 O-O-O 11.Bd2 h5 12.Ba5 Nxa5 13.Nxa5 h4 14.Bf1 hxg3 15.fxg3 g5
16.Be2 Qe8 17.Rf1 Bh3 18.Rf2 Nh6 19.Nd2 Kb8 20.c3 Qd7 21.cxd4 cxd4 22.Rc1 Bg4
23.Nf1 Bxe2 24.Rxe2 Bb4 25.Nc4 Nf7 26.Qb3 Qe7 27.Rec2 g4 28.Ncd2 Bd6 29.a5 Ng5
30.a6 Rh7 31.Rc6 Ne6 32.Qb5 Ka8 33.Rxd6  1-0

[Event "11th EICC Women"]
[Site "Rijeka CRO"]
[Date "2010.03.15"]
[Round "9"]
[White "Doluhanova,E"]
[Black "Matveeva,S"]
[Result "0-1"]
[WhiteElo "2297"]
[BlackElo "2373"]

1.Nf3 d5 2.g3 Nf6 3.Bg2 c6 4.O-O Bf5 5.d3 h6 6.Nbd2 e6 7.b3 a5 8.Bb2 a4 9.bxa4 Nbd7
10.c4 Nc5 11.cxd5 exd5 12.e4 Be6 13.Nd4 Nxd3 14.Nxe6 Nxb2 15.Qb3 fxe6 16.Qxb2 Qc7
17.Bh3 Rxa4 18.Bxe6 Nxe4 19.Qc2 Qa5 20.Nxe4 Rxe4 21.Bf5 Re5 22.Rab1 Qc7 23.Bg6+ Kd8
24.Qa4 Bd6 25.Qa8+ Qc8 26.Qa7 Re7 27.Rfe1 Rxe1+ 28.Rxe1 Rf8 29.Qa5+ Qc7 30.Qa8+ Qb8
31.Qa4 Bc5 32.Re2 Qd6 33.Qa5+ Kc8 34.Be8 Kb8 35.Qc3 Rxf2 36.Rxf2 Qf8 37.Qe5+ Ka8
38.Qe2 Bxf2+ 39.Kg2 Bc5 40.Bh5 Qe7 41.Qd2 Kb8 42.Qf4+ Bd6 43.Qd2 Qe5 44.Bf3 Bc5
45.Qc2 Qe3 46.Be2 Bb4 47.Kf1 Qd2 48.Qb1 Ba3 49.Qg6 Qd4 50.Qc2 Qb2 51.Qg6 Bc5
52.a4 Qd4 53.Ke1 Qa1+ 54.Kd2 Qb2+ 55.Qc2 Be3+  0-1

[Event "11th EICC Men"]
[Site "Rijeka CRO"]
[Date "2010.03.15"]
[Round "9"]
[White "Navara,D"]
[Black "Balogh,C"]
[Result "1/2-1/2"]
[WhiteElo "2708"]
[BlackElo "2622"]

1.Nf3 d5 2.g3 c6 3.Bg2 Bg4 4.O-O e6 5.d3 Nd7 6.Nbd2 Bd6 7.h3 Bh5 8.e4 Ne7
9.Re1 O-O 10.g4 Bg6 11.e5 Bc7 12.Nf1 c5 13.Bg5 Qe8 14.c3 Nc6 15.d4 cxd4 16.cxd4 Rc8
17.Nh4 Bb6 18.Be3 Qe7 19.Nxg6 fxg6 20.Re2 Qb4 21.Rd2 Na5 22.b3 Rc7 23.Ng3 Nc6
24.a3 Qe7 25.b4 Rfc8 26.Rd3 g5 27.Qd2 h6 28.Rc1 Nf8  1/2-1/2

[Event "11th EICC Men"]
[Site "Rijeka CRO"]
[Date "2010.03.15"]
[Round "9"]
[White "Minasian,Art"]
[Black "Buss,Ra"]
[Result "1-0"]
[WhiteElo "2568"]
[BlackElo "2416"]

1.g3 d5 2.Nf3 Nf6 3.Bg2 c6 4.O-O Bg4 5.c4 e6 6.cxd5 exd5 7.h3 Bh5 8.d3 Be7
9.Nbd2 O-O 10.b3 a5 11.Bb2 Nbd7 12.Nd4 Bg6 13.f4 h6 14.a4 Re8 15.N2f3 c5
16.Nb5 d4 17.Nd2 Rb8 18.Nc4 Nf8 19.Qd2 b6 20.Ne5 Rc8 21.Rac1 Bf5 22.Na7 Rc7
23.Nb5 Rc8 24.e4 dxe3 25.Qxe3 Be6 26.Nc6 Qd7 27.Nxe7+ Qxe7 28.Bxf6 gxf6 29.d4 f5
30.d5 Bd7 31.Qxe7 Rxe7 32.Nd6 Rb8 33.Rfe1 Ng6 34.Nc4 Kg7 35.h4 Kf6 36.h5 Rxe1+
37.Rxe1 Nf8 38.Nd6 b5 39.axb5 Rb6 40.Ne8+ Bxe8 41.Rxe8 Nd7 42.Bf1 Rd6 43.Ra8 Nb6
44.Ra6 Nc8 45.Bc4 Rxa6 46.bxa6 Ke7 47.Bd3 Kd6 48.Bxf5 Na7 49.g4  1-0

[Event "19th Amber Blindfold"]
[Site "Nice FRA"]
[Date "2010.03.16"]
[Round "4"]
[White "Carlsen,M"]
[Black "Smeets,J"]
[Result "1-0"]
[WhiteElo "2813"]
[BlackElo "2651"]

1.g3 d5 2.Nf3 c6 3.Bg2 Nf6 4.O-O Bf5 5.c4 e6 6.d3 Bd6 7.cxd5 exd5 8.Nc3 O-O
9.Nh4 Be6 10.e4 Na6 11.Qe2 Re8 12.h3 Be5 13.f4 Bxc3 14.bxc3 dxe4 15.dxe4 Bd5
16.e5 Bxg2 17.Kxg2 Qd5+ 18.Nf3 Rad8 19.c4 Qe4 20.Re1 Qxe2+ 21.Rxe2 Nd7 22.Be3 f6
23.Bxa7 fxe5 24.Nxe5 Nxe5 25.fxe5 Kf7 26.Rb1 Rd7 27.Bf2 Ke6 28.g4 Rf8 29.Be3 Rff7
30.a4 Rd3 31.a5 Rc3 32.Rd1 Rxc4 33.Bg5 Rd7 34.Rxd7 Kxd7 35.e6+ Ke8 36.Rd2  1-0

[Event "11th EICC Women"]
[Site "Rijeka CRO"]
[Date "2010.03.16"]
[Round "10"]
[White "Franciskovic,B"]
[Black "Borosova,Z"]
[Result "1-0"]
[WhiteElo "2245"]
[BlackElo "2307"]

1.Nf3 d5 2.g3 Nc6 3.c4 dxc4 4.Qa4 e5 5.Bg2 f6 6.Qxc4 Qd6 7.Nc3 Be6 8.Qa4 Ne7
9.O-O Qb4 10.Qc2 O-O-O 11.d3 h5 12.Bd2 Qg4 13.Rfc1 h4 14.Nb5 Kb8 15.Be3 Rc8
16.Qd2 hxg3 17.fxg3 a6 18.a4 Qb4 19.Ba7+ Ka8 20.Qxb4 Nxb4 21.Nxc7+ Rxc7 22.Rxc7 Kxa7
23.Ng5 Bd5 24.Nf7 Rh7 25.Nd8 Bxg2 26.Kxg2 Nec6 27.Rxb7+ Ka8 28.Rd7 Nb8 29.Rf7 Rh8
30.Rc1 Nd5 31.Nc6 Nxc6 32.Rxc6 Bb4 33.e4 Ne7 34.Rxa6+ Kb7 35.Re6 Re8 36.Rxg7 Kc7
37.Rxf6 Kd7 38.Rb6 Bc5 39.Rb3 Rf8 40.Rb7+ Ke6 41.h4 Rf2+ 42.Kh3 Rd2 43.a5 Rxd3
44.a6 Kf6 45.Rgxe7 Bxe7 46.a7  1-0

[Event "11th EICC Women"]
[Site "Rijeka CRO"]
[Date "2010.03.16"]
[Round "10"]
[White "Vojinovic,J"]
[Black "Butuc,M"]
[Result "1/2-1/2"]
[WhiteElo "2296"]
[BlackElo "2194"]

1.Nf3 d5 2.g3 c6 3.Bg2 Bg4 4.c4 e6 5.Nc3 Nf6 6.Ne5 Bf5 7.cxd5 exd5 8.d4 Bd6
9.O-O O-O 10.Nd3 Nbd7 11.a3 a5 12.Bf4 Bxf4 13.Nxf4 Re8 14.Rc1 Ne4 15.e3 h6
16.b4 axb4 17.axb4 Nb6 18.b5 Nc4 19.bxc6 bxc6 20.Nxe4 Bxe4 21.Bxe4 Rxe4 22.Nd3 Re7
23.Qe2 Rea7 24.Rc2 Ra1 25.Rxa1 Rxa1+ 26.Kg2 Qb6 27.Ra2 Qb1 28.Rxa1 Qxa1 29.Qc2 Qa5
30.Nf4 Qe1 31.Qe2 Qxe2 32.Nxe2 Kf8  1/2-1/2

[Event "11th EICC Men"]
[Site "Rijeka CRO"]
[Date "2010.03.16"]
[Round "10"]
[White "Rukavina,J"]
[Black "Schweitzer,W"]
[Result "1-0"]
[WhiteElo "2409"]
[BlackElo "2069"]

1.Nf3 d5 2.g3 c6 3.Bg2 Nf6 4.O-O g6 5.b3 Bg7 6.Bb2 O-O 7.c4 Re8 8.Qc2 Bf5
9.d3 Na6 10.a3 Rc8 11.Nbd2 b5 12.h3 Qb6 13.Rac1 Qb8 14.Be5 Qb6 15.c5 Qb7
16.e4 dxe4 17.dxe4 Bd7 18.b4 Nc7 19.Nb3 Be6 20.Na5 Qa6 21.Rfd1 Bc4 22.Qb2 Ne6
23.Nxc4 bxc4 24.Bf1 Rcd8 25.Rxd8 Rxd8 26.Bxc4 Qc8 27.Qe2 Nh5 28.Rd1 Rxd1+
29.Qxd1 Bxe5 30.Nxe5 Kg7 31.Qd7 Qxd7 32.Nxd7 Nd4 33.a4 Nf6 34.Nxf6 Kxf6 35.f4 e6
36.Kf2 Ke7 37.Ke3 Nc2+ 38.Kd2 Nd4 39.Kc3 e5 40.b5 cxb5 41.axb5 Nf3 42.fxe5 Nxe5
43.Kd4 f6 44.Kd5 Nf3 45.Be2 Nd2 46.h4 h6 47.Bd3 Nf3 48.Be2 Nd2 49.e5 fxe5
50.Kxe5 Nb1 51.Bd3 Nc3 52.Kd4  1-0

[Event "11th EICC Women"]
[Site "Rijeka CRO"]
[Date "2010.03.16"]
[Round "10"]
[White "Khotenashvili,B"]
[Black "Guramishvili,S"]
[Result "1/2-1/2"]
[WhiteElo "2448"]
[BlackElo "2266"]

1.Nf3 d5 2.g3 Bg4 3.Bg2 Nd7 4.O-O e6 5.d3 Bd6 6.Nbd2 Ne7 7.Qe1 O-O 8.e4 c5
9.h3 Bh5 10.Nb3 Kh8 11.Nh4 f6 12.d4 c4 13.Nd2 Rc8 14.c3 Bf7 15.f4 e5 16.fxe5 fxe5
17.Ndf3 dxe4 18.Ng5 Bg8 19.Nxe4 Bb8 20.Bg5 Rxf1+ 21.Qxf1 Qe8 22.Re1 Nd5 23.Ra1 Ne7
24.Nf6 Nxf6 25.Bxf6 Nd5 26.Bxe5 Ne3 27.Qf4 Nd5 28.Qf1 Bxe5 29.Re1 Bxd4+  1/2-1/2

[Event "11th EICC Men Playoff"]
[Site "Rijeka CRO"]
[Date "2010.03.18"]
[Round "2.1"]
[White "Vorobiov,E"]
[Black "Tregubov,P"]
[Result "1-0"]
[WhiteElo "2616"]
[BlackElo "2625"]

1.Nf3 d5 2.g3 Nf6 3.Bg2 c6 4.O-O Bf5 5.d3 e6 6.Nfd2 e5 7.e4 dxe4 8.dxe4 Bg4
9.Qe1 Nbd7 10.Nc3 Bc5 11.h3 Be6 12.Kh2 O-O 13.f4 Nb6 14.f5 Bc4 15.Nxc4 Nxc4
16.Qe2 b5 17.g4 Qa5 18.g5 Nd7 19.Nd1 Rfd8 20.c3 Bf8 21.Nf2 Qc7 22.Ng4 Nc5
23.b3 Nb6 24.Rf3 a5 25.Rg3 Kh8 26.Be3 b4 27.cxb4 axb4 28.Rg1 Nbd7 29.Rc1 Qa5
30.Rc2 Qa6 31.Qf3 Qd3 32.Rd2 Qb1 33.g6 Rxa2 34.Nxe5 fxg6 35.Nf7+ Kg8 36.Nxd8 Rxd2
37.Bxd2 Ne5 38.Qe2 Qc2 39.fxg6 hxg6 40.Re3 Bd6 41.Kh1 Ncd3 42.Be1 Qxb3 43.Nxc6 Qb1
44.Nxe5 Nxe5 45.Qd2 Bc7 46.Qd5+ Kh7 47.Qb3 Qc1 48.Re2 Nc4 49.e5 Bxe5 50.Re4  1-0

[Event "Bundesliga 2009-10"]
[Site "Muenchen GER"]
[Date "2010.03.20"]
[Round "12"]
[White "Belezky,A"]
[Black "Gyimesi,Z"]
[Result "1-0"]
[WhiteElo "2463"]
[BlackElo "2594"]

1.Nf3 d5 2.g3 c6 3.Bg2 Bg4 4.b3 Nd7 5.Bb2 Ngf6 6.d3 e6 7.Nbd2 Bd6 8.O-O Qe7
9.e4 Ba3 10.Qc1 Bxb2 11.Qxb2 Bxf3 12.Nxf3 dxe4 13.dxe4 Nxe4 14.Qxg7 Qf6 15.Qxf6 Ndxf6
16.c4 Ke7 17.Rfe1 Rhd8 18.Ne5 Rd4 19.Bxe4 Rxe4 20.Rxe4 Nxe4 21.Rd1 Rd8 22.Rxd8 Kxd8
23.Nxf7+ Ke7 24.Ne5 Nc3 25.a4 a5 26.Kf1 Ne4 27.Nf3 Kd6 28.Ke2 Kc5 29.Nd2 Nf6
30.Kd3 Kb4 31.h3 Nd7 32.f4 Nc5+ 33.Kd4 b5 34.cxb5 cxb5 35.axb5 Kxb5 36.g4 Kc6
37.g5 a4 38.bxa4 Nxa4 39.Ne4 Nb6 40.Nf6 Kd6 41.Nxh7 Nd5 42.Ke4 Nc3+ 43.Kf3 Ke7
44.Nf6 Nb5 45.h4 Nd4+ 46.Ke4 Nf5 47.h5 Nd6+ 48.Kd4 Nf7 49.Ng4 Nd6 50.g6 Nf5+
51.Ke5 Nh4 52.Nh6  1-0

[Event "TCh-FIN 2009-10"]
[Site "Finland FIN"]
[Date "2010.03.21"]
[Round "9"]
[White "Virtanen,A"]
[Black "Topi Hulmi,T"]
[Result "0-1"]
[WhiteElo "2335"]
[BlackElo "2266"]

1.Nf3 d5 2.g3 Nf6 3.Bg2 Bf5 4.c4 c6 5.cxd5 cxd5 6.O-O e6 7.Nc3 Nc6 8.d3 Be7
9.Qb3 Qd7 10.Bf4 O-O 11.Rfe1 d4 12.Nb5 a6 13.Na3 b5 14.Ne5 Nxe5 15.Bxe5 Rac8
16.Rac1 Ng4 17.Bf4 e5 18.Bd2 Be6 19.Qd1 Bxa2 20.b4 a5 21.Ra1 axb4 22.Rxa2 bxa3
23.Qb3 b4 24.Bh3 Rc3 25.Bxc3 dxc3 26.e3 Qf5 27.Bf1 Qe6 28.Bh3 h5 29.Rb1 Rc8  0-1

[Event "26th Budapest Spring Festival"]
[Site "Budapest HUN"]
[Date "2010.03.24"]
[Round "5"]
[White "Sebestyen,Bala"]
[Black "To,N"]
[Result "1/2-1/2"]
[WhiteElo "2221"]
[BlackElo "2423"]

1.Nf3 d5 2.g3 c6 3.Bg2 Bg4 4.d4 Nd7 5.O-O Ngf6 6.Nbd2 e6 7.Re1 Be7 8.e4 O-O
9.c3 Bh5 10.e5 Ne8 11.Nb3 b6 12.Be3 Nc7 13.Nc1 b5 14.Nd3 Nb6 15.Nf4 Bg4 16.h3 Bf5
17.g4 Be4 18.Nd2 Bxg2 19.Kxg2 Nc4 20.b3 Nxe3+ 21.fxe3 c5 22.Nf3 Rc8 23.Qd3 c4
24.Qc2 b4 25.cxb4 Bxb4 26.Rf1 Nb5 27.bxc4 Rxc4 28.Qb3 Na3 29.h4 Nc2 30.Rac1 Rc3
31.Qxc3 Bxc3 32.Rxc2 Qa5 33.Nd3 Bb4 34.Nxb4 Qxb4 35.Ng5 Qa3 36.Rf3 h6 37.Nxf7 Rxf7
38.Rc8+ Kh7 39.Rxf7 Qxe3 40.Rcc7 Qe2+ 41.Kg3 Qe3+ 42.Kg2 Qe4+ 43.Kg3 Qe1+
44.Kg2 Qe4+ 45.Kg3 Qd3+  1/2-1/2

[Event "ch-Moscow KO"]
[Site "Moscow RUS"]
[Date "2010.03.25"]
[Round "1.2"]
[White "Chadaev,N"]
[Black "Pustovoitova,D"]
[Result "1-0"]
[WhiteElo "2565"]
[BlackElo "2352"]

1.Nf3 d5 2.g3 c6 3.Bg2 g6 4.c4 Bg7 5.O-O e5 6.Qa4 d4 7.d3 Ne7 8.Nbd2 O-O
9.b4 Na6 10.b5 cxb5 11.Qxb5 Nc7 12.Qb3 Rb8 13.a4 Bd7 14.Ba3 Bc6 15.a5 Na6
16.Rfb1 Re8 17.Qc2 Nc8 18.Nb3 Bf8 19.Bxf8 Kxf8 20.Re1 f6 21.Qb2 Kg7 22.Rad1 Nd6
23.Qa3 Rc8 24.Nc1 Qe7 25.Rd2 Rc7 26.Rb2 Nf7 27.Qxe7 Rexe7 28.Nb3 Nd8 29.Nfd2 Bxg2
30.Kxg2 Ne6 31.Ra1 Red7 32.Nb1 Nac5 33.Nxc5 Nxc5 34.Nd2 Kf7 35.Rb5 Rc6 36.f3 Ke6
37.Rab1 Rcc7 38.Ne4 Nxe4 39.fxe4 h5 40.Kf3 Rf7 41.Rd5 Rc8 42.Rbb5 Rfc7 43.Kf2 Ke7
44.Rb1 Rd8 45.Ke1 Rdd7 46.Kd2 Ke6 47.Rbb5 Rd6 48.Rb1 Rdd7 49.e3 dxe3+ 50.Kxe3 Rd6
51.Rbb5 Rdd7 52.Kd2 Rd6 53.h3 Rdd7 54.Kc3 Rd6 55.Rb1 Rdd7 56.Rb2 Rd6 57.Re2 Rc8
58.Rf2 Rf8 59.g4 g5 60.gxh5 Rc6 61.d4 exd4+ 62.Kxd4 Rh8 63.Rdf5 Ke7 64.e5 Rd8+
65.Kc3 Rdc8 66.exf6+ Kf7 67.Rxg5 Rxc4+ 68.Kb3 R4c5 69.h4 b6 70.h6 Rh8 71.Rg7+ Kf8
72.h7 Rc6 73.Rfg2 Rc8 74.Rg8+ Kf7 75.Rxc8 Rxc8 76.Rg7+  1-0

[Event "26th Budapest Spring Festival"]
[Site "Budapest HUN"]
[Date "2010.03.26"]
[Round "7"]
[White "Sebestyen,Bala"]
[Black "Csonka,B"]
[Result "1/2-1/2"]
[WhiteElo "2221"]
[BlackElo "2163"]

1.Nf3 d5 2.g3 c6 3.Bg2 Nf6 4.O-O Bg4 5.d4 e6 6.Nbd2 Nbd7 7.Re1 Be7 8.e4 O-O
9.c3 Bh5 10.Qb3 Qb6 11.exd5 cxd5 12.Ne5 Qxb3 13.axb3 Nxe5 14.Rxe5 Bg6 15.b4 Bd6
16.Re1 Rfc8 17.Bf1 Nd7 18.Nb3 Bc2 19.Nc5 Rc7 20.Nxd7 Rxd7 21.b5 Bc7 22.Bf4 Bb6
23.Rec1 Bb3 24.Ra3  1/2-1/2

[Event "TOP 16 GpB"]
[Site "Chalons en Champagne FRA"]
[Date "2010.03.27"]
[Round "2"]
[White "Roos,Dan"]
[Black "Godena,M"]
[Result "0-1"]
[WhiteElo "2435"]
[BlackElo "2561"]

1.Nf3 d5 2.g3 Nc6 3.d4 Bf5 4.Bg2 Nb4 5.Na3 c6 6.O-O Nf6 7.c3 Na6 8.Re1 h6
9.Ne5 e6 10.f3 Be7 11.e4 Bh7 12.b4 Nc7 13.Bb2 O-O 14.Qd2 a5 15.bxa5 Rxa5
16.Nc2 dxe4 17.f4 c5 18.c4 Ra4 19.Qe3 cxd4 20.Bxd4 Qa8 21.a3 b5 22.c5 Rd8
23.Red1 Nd7 24.Nxd7 Rxd7 25.Qc3 Rc4 26.Qb2 Qa4 27.Rac1 e3 28.Nb4 e2 29.Qxe2 Rxc1
30.Rxc1 Rxd4  0-1

[Event "5th MGU Open"]
[Site "Sofia BUL"]
[Date "2010.03.27"]
[Round "1"]
[White "Dulgerov,K"]
[Black "Nikolova,A"]
[Result "0-1"]
[WhiteElo "1823"]
[BlackElo "2348"]

1.Nf3 d5 2.g3 Nf6 3.Bg2 e6 4.b3 b5 5.c4 b4 6.O-O Be7 7.d3 Bb7 8.Bb2 O-O 9.Nbd2 Nbd7
10.cxd5 Nxd5 11.Nc4 Bf6 12.Qd2 a5 13.d4 N7b6 14.Nxb6 Nxb6 15.e3 c5 16.Rac1 Ba6
17.Rfd1 c4 18.Ba1 c3 19.Qc2 Bb7 20.Ne1 Bxg2 21.Nxg2 Be7 22.Nf4 Bd6 23.Nd3 Qg5
24.f4 Qg6 25.Qe2 Nd5 26.Qf3 Nf6 27.Nf2 Rfd8 28.Re1 Be7 29.Re2 h5 30.h3 a4
31.bxa4 Rxa4 32.Kh2 Rda8 33.Rcc2 Qf5 34.Qb7 R4a7 35.Qc6 Qa5 36.Qf3 Qd5 37.Qxd5 Nxd5
38.e4 Nb6 39.Nd3 Rd7 40.d5 exd5 41.exd5 Nxd5 42.Re5 Bf6 43.Nc5 Bxe5 44.Nxd7 Bd4
45.Rc1 Rxa2+  0-1

[Event "4th G. Agzamov Mem"]
[Site "Tashkent UZB"]
[Date "2010.03.27"]
[Round "5"]
[White "Yurtaev,L"]
[Black "Golod,V"]
[Result "1/2-1/2"]
[WhiteElo "2469"]
[BlackElo "2590"]

1.Nf3 d5 2.g3 Nf6 3.Bg2 g6 4.O-O Bg7 5.c4 c6 6.d4 O-O 7.cxd5 cxd5 8.Ne5 e6
9.Nc3 Nfd7 10.Nf3 Nc6 11.Be3 Nb6 12.b3 h6 13.Qd2 Kh7 14.h4 Qe7 15.Bf4 f6
16.Rfe1 e5 17.e4 exf4 18.exd5 Qc7 19.dxc6 fxg3 20.d5 gxf2+ 21.Qxf2 bxc6 22.dxc6 Bg4
23.Nd4 Qf7 24.Rac1 Rad8 25.Ndb5 f5 26.c7 Rd3 27.Na4 f4 28.Nc5 Rg3 29.Ne4 Rd3
30.Nc5 Rg3 31.Ne4  1/2-1/2

[Event "4NCL 2009-10"]
[Site "Hinckley Island ENG"]
[Date "2010.03.28"]
[Round "8"]
[White "Mah,K"]
[Black "Wells,P"]
[Result "1/2-1/2"]
[WhiteElo "2417"]
[BlackElo "2489"]

1.Nf3 d5 2.g3 c6 3.Bg2 Bg4 4.O-O Nd7 5.d4 e6 6.Nbd2 Ngf6 7.Re1 Be7 8.c3 O-O
9.e4 Bh5 10.e5 Ne8 11.Nb3 b6 12.Be3 c5 13.Nc1 cxd4 14.Bxd4 Nc7 15.a4 Nb8
16.a5 Bxf3 17.Bxf3 Nc6 18.axb6 Nxd4 19.bxc7 Nxf3+ 20.Qxf3 Qxc7 21.Nd3 Qc4
22.Ra5 d4 23.Qe4 Qc7 24.Ra4 dxc3 25.Rc4 Qd7 26.Rxc3 Rac8 27.Rec1 Rxc3 28.Rxc3 Rb8
29.Kg2  1/2-1/2